Welcome to the Holygrace Academy Library

Please use search bar below to get started

THE REX BADGE OF COURAGE AND OTHER STORIES (Record no. 2847)

MARC details
000 -LEADER
fixed length control field 00443nam a22001577a 4500
020 ## - INTERNATIONAL STANDARD BOOK NUMBER
ISBN 978-81-248-0368-4
082 ## - DEWEY DECIMAL CLASSIFICATION NUMBER
Classification number 823
Item number CRA/R
100 ## - MAIN ENTRY--AUTHOR NAME
Personal name CRANE, STEPHEN
245 ## - TITLE STATEMENT
Title THE REX BADGE OF COURAGE AND OTHER STORIES
Remainder of title CLASSICS BOOKS
246 ## - VARYING FORM OF TITLE
Title proper/short title THE REX BADGE OF COURAGE AND OTHER STORIES
Remainder of title CLASSICS BOOKS
260 ## - PUBLICATION, DISTRIBUTION, ETC. (IMPRINT)
Place of publication NEW DELHI
Name of publisher PEACOCK BOOKS
Year of publication 2016
300 ## - PHYSICAL DESCRIPTION
Number of Pages 168
520 ## - SUMMARY, ETC.
Summary, etc CLASSICS BOOKS
650 ## - SUBJECT ADDED ENTRY--TOPICAL TERM
Topical Term CLASSICS BOOKS
942 ## - ADDED ENTRY ELEMENTS (KOHA)
Koha item type Books
Holdings
Withdrawn status Lost status Collection code Home library Current library Shelving location Date acquired Source of acquisition Cost, normal purchase price Full call number Accession Number Koha item type
    Fiction Main Library Main Library SHELF 4-F ENGLISH CLASSICS 16/01/2019 Purchase 150.00 823 CRA/R 10468 Books